| 000 | 01255 a2200301 4500 | ||
|---|---|---|---|
| 001 | 49830 | ||
| 020 | _a9788574120027 | ||
| 020 | _q(broch.) | ||
| 041 | _apor | ||
| 082 | _a028.5 | ||
| 240 | 1 | 0 | _aAls die Farben verboten wurden |
| 520 | _aMas o que o presidente não podia destruir era o arco-íris. Sempre que o sol brilhava depois de uma chuva, as pessoas saíam correndo das casas para procurar um arco-íris, saciavam-se com suas cores e tudo parecia ser como nos velhos tempos. Nesses momentos, esqueciam-se do presidente, dos soldados e até do medo. | ||
| 521 | _aYear 5 | ||
| 697 | _aLiteratura infantojuvenil | ||
| 697 | _aPreconceito. | ||
| 697 | _aDitadura | ||
| 697 | _aPolítica | ||
| 697 | _aRespeito - Diferenças. | ||
| 856 | _u00002c/00002c65.jpg | ||
| 040 |
_aBR-BrIDEA _cBR-BrIDEA |
||
| 090 |
_aA Year 5 028 _bFET |
||
| 100 |
_aFeth, Monika _d1951 |
||
| 245 | 1 | 0 |
_aQuando as cores foram proibidas _cMonika Feth ; ilustrações de Antoni Boratynski ; traduzido por Dieter Heidemann e Maria de Lourdes Porto |
| 260 |
_aSão Paulo _bBrinque-Book _c1998 |
||
| 300 |
_a[28] p. _e28 x 21.8 x 0.2 cm |
||
| 700 |
_aBoratynski, Antoni _eilustrador _aHeidemann, Dieter _etradutor _aPorto, Maria de Lourdes _etradutor |
||
| 942 | _cBK | ||
| 999 |
_c49830 _d49830 |
||